Every Song by Saves the Day - Statistics

General Stats
  • This quiz has been taken 6 times
    5 since last reset
  • The average score is 18 of 141
Answer Stats
Album Song % Correct
Daybreak(2011) 8 AM
100%
Stay What You Are(2001) At Your Funeral
100%
Daybreak(2011) Daybreak
100%
Daybreak(2011) Fucked Up Past the Point of Fixing
100%
I'm Sorry I'm Leaving(1999) Hold
100%
I'm Sorry I'm Leaving(1999) I'm Sorry I'm Leaving
100%
In Reverie(2003) In Reverie
100%
Daybreak(2011) Somehow You Love Me
100%
Sound the Alarm(2006) Sound the Alarm
100%
Under the Boards(2008) Stay
100%
Through Being Cool(1999) Through Being Cool
100%
Daybreak(2011) U
100%
Under the Boards(2008) Under the Boards
100%
Ups & Downs: Early Recordings and B-Sides(2004) Ups & Downs
100%
Daybreak(2011) Zig Zag
100%
9(2018) 1997
50%
Through Being Cool(1999) Holly Hox, Forget Me Nots
50%
Under the Boards(2008) Radio
50%
Saves the Day(2013) Remember
50%
9(2018) Rosé
50%
9(2018) Saves the Day
50%
Saves the Day-DEMO(1997) 1:19
0%
Ups & Downs: Early Recordings and B-Sides(2004) 1959
0%
Daybreak(2011) 1984
0%
Sound the Alarm(2006) 34
0%
9(2018) 432
0%
Ups & Downs: Early Recordings and B-Sides(2004) A Drag in D Flat
0%
Saves the Day(2013) Ain't No Kind of Love
0%
Stay What You Are(2001) All I'm Losing is Me
0%
Through Being Cool(1999) All-Star Me
0%
Can't Slow Down(1998) Alway Ten Feet Tall
0%
Saves the Day-DEMO(1997) An Afternoon Laughing
0%
9(2018) Angel
0%
In Reverie(2003) Anywhere with You
0%
Stay What You Are(2001) As your Ghost Takes Flight
0%
Through Being Cool(1999) Banned from the Back Porch
0%
Under the Boards(2008) Because You Are No Other
0%
Saves the Day(2013) Beyond All of Time
0%
Can't Slow Down(1998) Blindfolded
0%
In Reverie(Bonus)(2003) Blossom
0%
Sound the Alarm(2006) Bones
0%
Under the Boards(2008) Bye Bye Baby
0%
Under the Boards(2008) Can't Stay the Same
0%
Stay What You Are(2001) Cars & Calories
0%
Stay What You Are(2001) Certain Tragedy
0%
Daybreak(2011) Chameleon
0%
In Reverie(Bonus)(2003) Coconut
0%
Can't Slow Down(1998) Collision
0%
Saves the Day-DEMO(1997) Dave Feels Right
0%
Can't Slow Down(1998) Deciding
0%
Sound the Alarm(2006) Delusional
0%
Daybreak(2011) Deranged & Desperate
0%
Sound the Alarm(2006) Diseased
0%
In Reverie(Bonus)(2003) Don't Go Outside
0%
Sound the Alarm(2006) Don't Know Why
0%
Through Being Cool(1999) Do You Know What I Love the Most?
0%
In Reverie(2003) Driving in the Dark
0%
Sound the Alarm(2006) Dying Day
0%
Daybreak(2011) E
0%
Saves the Day-DEMO(1997) East Coast
0%
Sound the Alarm(2006) Eulogy
0%
Stay What You Are(2001) Firefly
0%
Stay What You Are(2001) Freakish
0%
Under the Boards(2008) Getaway
0%
Under the Boards(2008) Get Fucked Up
0%
Can't Slow Down(1998) | Saves the Day-DEMO(1997) Handsome Boy
0%
Sound the Alarm(2006) Head for the Hills
0%
9(2018) Heartbeat
0%
Sound the Alarm(2006) Hell is Here
0%
Saves the Day-DEMO(1997) Hot Time In Delaware
0%
Can't Slow Down(1998) Hot Time in Delaware
0%
Can't Slow Down(1998) Houses and Billboards
0%
In Reverie(2003) In My Waking Life
0%
Saves the Day(2013) In the In Between
0%
Ups & Downs: Early Recordings and B-Sides(2004) I Think I'll Quit
0%
9(2018) It's Such a Beautiful World
0%
I'm Sorry I'm Leaving(1999) Jessie & My Whetstone
0%
Can't Slow Down(1998) Jodie
0%
Stay What You Are(2001) Jukebox Breakdown
0%
Under the Boards(2008) Kaleidoscope
0%
9(2018) Kerouac & Cassidy
0%
Daybreak(2011) Let It All Go
0%
Daybreak(2011) Living Without Love
0%
Under the Boards(2008) Lonely Nights
0%
Saves the Day(2013) Lucky Number
0%
In Reverie(2003) Monkey
0%
In Reverie(2003) Morning in the Moonlight
0%
Through Being Cool(1999) My Sweet Fracture
0%
Can't Slow Down(1998) Nebraska Bricks
0%
9(2018) New Jersey
0%
Stay What You Are(2001) Nightingale
0%
Daybreak(2011) O
0%
Can't Slow Down(1998) Obsolete
0%
9(2018) Rendezvous
0%
Saves the Day(2013) Ring Pop
0%
In Reverie(2003) Rise
0%
Through Being Cool(1999) Rocks Tonic Juice Magic
0%
Sound the Alarm(2006) Say You'll Never Leave
0%
Can't Slow Down(1998) Seeing It This Way
0%
Stay What You Are(2001) See You
0%
Ups & Downs: Early Recordings and B-Sides(2004) Sell My Old Clothes, I'm Off to Heaven
0%
Sound the Alarm(2006) Shattered
0%
In Reverie(2003) She
0%
Through Being Cool(1999) Shoulder to the Wheel
0%
9(2018) Side by Side
0%
In Reverie(Bonus)(2003) Sister Sophia
0%
9(2018) So in Love
0%
Can't Slow Down(1998) Sometimes, New Jersey
0%
Saves the Day-DEMO(1997) Sometimes, NJ
0%
Saves the Day(2013) Stand in the Stars
0%
Saves the Day(2013) Supernova
0%
9(2018) Suzuki
0%
I'm Sorry I'm Leaving(1999) Take Our Cars Now!
0%
9(2018) Tangerine
0%
Ups & Downs: Early Recordings and B-Sides(2004) The Art of Misplacing Firearms
0%
Can't Slow Down(1998) The Choke
0%
Sound the Alarm(2006) The End
0%
Through Being Cool(1999) The Last Lie I Told
0%
Saves the Day(2013) The Tide of Our Times
0%
Through Being Cool(1999) The Vast Spoils of America (From the Badlands through the Ocean)
0%
I'm Sorry I'm Leaving(Bonus)(1999) The Way His Collar Falls
0%
Through Being Cool(1999) Third Engine
0%
Stay What You Are(2001) This is Not an Exit
0%
Can't Slow Down(1998) Three Miles Down
0%
In Reverie(2003) Tomorrow Too Late
0%
Under the Boards(2008) Turning Over in My Tomb
0%
Daybreak(2011) Undress Me
0%
Saves the Day(2013) Verona
0%
9(2018) Victorian & 21st
0%
Bug Sessions(2008) Wednesday the 3rd
0%
In Reverie(2003) Wednesday the Third
0%
In Reverie(2003) What Went Wrong
0%
Under the Boards(2008) When I'm Not There
0%
Saves the Day-DEMO(1997) When It Isn't Like It Should Be
0%
In Reverie(2003) Where Are You?
0%
Under the Boards(2008) Woe
0%
Saves the Day(2013) Xenophobic Blind Left Hook
0%
Through Being Cool(1999) You Vandal
0%
Daybreak(2011) Z
0%
In Reverie(Bonus)(2003) Zebra
0%
No matching quizzes found
Score Distribution
Percent of People with Each Score
Percentile by Number Answered
Your Score History
You have not taken this quiz since the last reset